La creación del mundo

Salvato in:
Dettagli Bibliografici
Autore principale: Vega, Lope de (Autore)
Natura: Libro
Lingua:spagnolo
Pubblicazione: Zaragoza Ebro 1972
Serie:Biblioteca Clásica Ebro. Clásicos Españoles, 118-119
Soggetti:
Tags: Aggiungi Tag
Nessun Tag, puoi essere il primo ad aggiungerne!!

MARC

LEADER 00000nam a2200000 a 4500
001 UCQ6120
003 CL-VaPUC
008 981009e19720000SP |||||||||||||||||spa|d
082 0 4 |a 862  |b VEG  |2 21 
100 0 |a Vega, Lope de  |e author  |9 319628 
245 1 3 |a La creación del mundo 
246 1 0 |a Primera culpa del hombre 
300 |a 206 p 
942 |c BK 
945 |d 19981009 00:00:00  |a crobeson 
260 |a Zaragoza  |b Ebro  |c 1972 
650 0 |a Dramas españoles  |9 267081 
650 0 |a Literatura española  |9 306261 
583 |a last modification  |c 19981009 00:00:00  |k Rodrigo Vera 
490 0 |a Biblioteca Clásica Ebro. Clásicos Españoles, 118-119 
999 |c 276122  |d 276120 
952 |0 0  |1 0  |4 0  |6 862_000000000000000_VEG_1972  |7 0  |8 A  |9 313254  |a BIBEDU  |b BIBEDU  |d 2019-11-20  |i 147605K  |o 862 VEG 1972  |p 147605K  |r 2019-11-20  |w 2019-11-20  |y BK  |k LIT